| 000 | 01008nam a22002897a 4500 | ||
|---|---|---|---|
| 001 | 5375 | ||
| 003 | FISKH | ||
| 005 | 20241129112446.0 | ||
| 008 | 241129b cb ||||| |||| 00| 0 eng d | ||
| 020 | _a9780531265857 | ||
| 040 |
_aFISKH _beng _cFISKH _dFISKH |
||
| 050 | _aQD467.M85 | ||
| 082 | _a546.8 | ||
| 100 | _aMullins, Matt | ||
| 245 |
_aThe Elements / _cby Matt Mullins |
||
| 260 |
_aNew York : _bChildren's Press ; _c2012. |
||
| 300 |
_a48 pages : _bcolor illustrations ; _c22 cm . |
||
| 490 | _aA True Book | ||
| 505 | _aU | ||
| 520 | _aIntroduces the periodic table of elements and the basics of chemistry, including what information the periodic table provides about the elements, the role of electrons in chemistry, and how elements combine to make compounds. | ||
| 521 | 8 |
_a820
_bLexile |
|
| 521 | 8 |
_aU
_bRaz-Plus |
|
| 650 |
_aPeriodic law- tables _vJuvenile literature |
||
| 650 |
_aChemical elements _vJuvenile literature |
||
| 942 |
_2ddc _cBK _n0 |
||
| 999 |
_c5375 _d5375 |
||